[Event "Medellin Flores op 23rd"]
[Site "Medellin"]
[Date "2016.08.05"]
[Round "5"]
[White "Diaz Herrera, Leider Andres"]
[Black "Soto Hincapie, Emmanuel"]
[Result "0-1"]
[WhiteElo "2007"]
[BlackElo "1709"]
[PlyCount "78"]
[EventDate "2016.08.03"]
[EventType "swiss"]
[EventRounds "9"]
[EventCountry "COL"]
[SourceTitle "CBM 173 Extra"]
[Source "ChessBase"]
[SourceDate "2016.08.29"]
[SourceVersion "1"]
[SourceVersionDate "2016.08.29"]
[SourceQuality "1"]

1. d4 e6 2. Nf3 Nf6 3. Bf4 c5 4. e3 Nc6 5. c3 b5 6. Bxb5 Qb6 7. Qa4 Bb7 8. dxc5 Bxc5 9. b4 Be7 10. 0-0 0-0 11. Be2 Rac8 12. Bg3 Ne4 13. Qb3 Bf6 14. Bd3 Nxb4 15. Bxe4 Bxe4 16. Nfd2 Bd3 17. a4 Bxf1 18. Kxf1 d5 19. Ra3 Nd3 20. Qxb6 axb6 21. Rb3 Rc6 22. e4 Nc5 23. exd5 Nxb3 24. dxc6 Nxd2+ 25. Nxd2 e5 26. c7 Rc8 27. f4 Rxc7 28. fxe5 Be7 29. Bf2 Rxc3 30. Bxb6 Ra3 31. a5 Bb4 32. Nc4 Rc3 33. Nd6 Ra3 34. Nc4 Ra2 35. Bc7 Rc2 36. a6 Rxc4 37. a7 Rc1+ 38. Ke2 Ra1 39. Bb6 Ra3 0-1

[Event "Medellin Flores op 23rd"]
[Site "Medellin"]
[Date "2016.08.04"]
[Round "3"]
[White "Botero, Jonathan"]
[Black "Soto Hincapie, Emmanuel"]
[Result "0-1"]
[WhiteElo "1630"]
[BlackElo "1709"]
[PlyCount "124"]
[EventDate "2016.08.03"]
[EventType "swiss"]
[EventRounds "9"]
[EventCountry "COL"]
[SourceTitle "CBM 173 Extra"]
[Source "ChessBase"]
[SourceDate "2016.08.29"]
[SourceVersion "1"]
[SourceVersionDate "2016.08.29"]
[SourceQuality "1"]

1. e4 c5 2. f4 d6 3. Nf3 Nc6 4. c3 f5 5. e5 a6 6. Ng5 dxe5 7. Bc4 e6 8. Bxe6 exf4 9. Bf7+ Kd7 10. Qh5 Qe7+ 11. Kd1 g6 12. Bxg6 Bh6 13. Bxf5+ Kc7 14. Bxc8 Rxc8 15. Nf7 f3 16. Re1 Qf8 17. Qxf3 Nge7 18. a4 Rg8 19. Nxh6 Qxh6 20. d3 Qg6 21. Qg3+ Qxg3 22. hxg3 Rcf8 23. Bf4+ Kd7 24. Nd2 Nd5 25. Rh1 Rf7 26. Ne4 Nxf4 27. Nxc5+ Kd6 28. Ne4+ Kd5 29. gxf4 Rxg2 30. Rh5+ Ne5 31. Rxe5+ Kc6 32. Ng5 Rxf4 33. Nxh7 Rf1+ 34. Re1 Rxe1+ 35. Kxe1 Rg1+ 36. Kd2 Rxa1 37. Nf6 Rxa4 38. Ne4 Ra2 39. Kc2 Ra5 40. c4 Rh5 41. Kc3 b5 42. c5 a5 43. Kd4 Rd5+ 44. Kc3 Rh5 45. b4 a4 46. Nd2 Kd5 47. Nf1 Rh3 48. Nd2 Rh1 49. Kc2 Kd4 50. Nf3+ Kd5 51. Nd2 Rh2 52. Kc3 Rf2 53. Nb1 Ra2 54. d4 Rg2 55. Na3 Rg3+ 56. Kb2 Rb3+ 57. Ka2 Rxb4 58. Nc2 Rb3 59. Na1 Rc3 60. Kb2 Kxd4 61. Nc2+ Rxc2+ 62. Kxc2 Kxc5 0-1

[Event "Pan American-ch U16"]
[Site "Cali"]
[Date "2015.07.02"]
[Round "7"]
[White "David Parrales, Carlos Agustin"]
[Black "Soto Hincapie, Emmanuel"]
[Result "1-0"]
[WhiteElo "1721"]
[BlackElo "1683"]
[PlyCount "111"]
[EventDate "2015.06.28"]
[EventType "swiss"]
[EventRounds "9"]
[EventCountry "COL"]
[SourceTitle "EXT 2016"]
[Source "ChessBase"]
[SourceDate "2015.10.08"]
[SourceVersion "1"]
[SourceVersionDate "2015.10.08"]
[SourceQuality "1"]

1. Nf3 Nf6 2. d4 e6 3. Bf4 c5 4. c3 Nc6 5. e3 d5 6. Nbd2 Bd6 7. Bg3 cxd4 8. exd4 Qc7 9. Bd3 0-0 10. 0-0 Re8 11. Re1 Bxg3 12. hxg3 e5 13. dxe5 Nxe5 14. Nxe5 Rxe5 15. Rxe5 Qxe5 16. Qe1 Qh5 17. Qe7 Bd7 18. Qb4 Bc6 19. Qh4 Re8 20. Qxh5 Nxh5 21. Nf3 Nf6 22. Nd4 Ne4 23. Re1 Nc5 24. Rxe8+ Bxe8 25. Bc2 Na4 26. Bxa4 Bxa4 27. Kf1 g6 28. Ke2 Kg7 29. Ke3 Kf6 30. Nf3 Bc2 31. Kd4 Be4 32. Ne1 Ke6 33. f3 Bb1 34. a3 h5 35. Nd3 Bxd3 36. Kxd3 Ke5 37. Ke3 b5 38. b3 g5 39. Kd3 f5 40. Ke3 f4+ 41. gxf4+ gxf4+ 42. Kd3 a6 43. c4 bxc4+ 44. bxc4 d4 45. c5 Kd5 46. c6 Kxc6 47. Kxd4 Kb5 48. Ke4 Ka4 49. Kxf4 Kxa3 50. Kg5 Kb4 51. f4 Kc5 52. f5 Kd6 53. Kg6 h4 54. f6 Ke6 55. f7 Ke7 56. Kg7 1-0

[Event "Pan American-ch U16"]
[Site "Cali"]
[Date "2015.06.29"]
[Round "3"]
[White "Salcedo Perez, Pablo Esteban"]
[Black "Soto Hincapie, Emmanuel"]
[Result "1-0"]
[WhiteElo "1882"]
[BlackElo "1683"]
[PlyCount "57"]
[EventDate "2015.06.28"]
[EventType "swiss"]
[EventRounds "9"]
[EventCountry "COL"]
[SourceTitle "EXT 2016"]
[Source "ChessBase"]
[SourceDate "2015.10.08"]
[SourceVersion "1"]
[SourceVersionDate "2015.10.08"]
[SourceQuality "1"]

1. d4 e6 2. Nf3 h6 3. c4 c5 4. d5 exd5 5. cxd5 Bd6 6. Nc3 Nf6 7. e4 0-0 8. Bd3 Bc7 9. 0-0 d6 10. Nd2 Bg4 11. Qc2 Nbd7 12. f4 Nb6 13. b3 Nfd7 14. Bb2 a6 15. Rae1 Nc8 16. a4 f6 17. h3 Bh5 18. g4 Bg6 19. Ne2 Na7 20. f5 Bf7 21. Nf4 Ba5 22. Ne6 Bxe6 23. fxe6 Bxd2 24. Qxd2 Nb6 25. h4 Qe7 26. Rf5 Rae8 27. Ref1 Nbc8 28. g5 g6 29. gxf6 1-0

[Event "Medellin Segunda Categoria Antioquia"]
[Site "Medellin"]
[Date "2015.04.??"]
[Round "2.6"]
[White "Yepez, Yeison Alexander"]
[Black "Soto Hincapie, Emmanuel"]
[Result "1-0"]
[WhiteElo "1936"]
[BlackElo "1737"]
[PlyCount "63"]
[EventDate "2015.04.14"]
[EventType "swiss"]
[EventRounds "7"]
[EventCountry "COL"]
[SourceTitle "EXT 2024"]
[Source "ChessBase"]
[SourceDate "2023.10.10"]
[SourceVersion "1"]
[SourceVersionDate "2023.10.10"]
[SourceQuality "1"]

1. d4 e6 2. c4 c5 3. d5 exd5 4. cxd5 Bd6 5. Nc3 Nf6 6. e4 0-0 7. Bd3 Re8 8. Nge2 Be5 9. 0-0 d6 10. h3 a6 11. a4 Qb6 12. a5 Qc7 13. Be3 Bd7 14. f4 Bxc3 15. Nxc3 Bb5 16. e5 Bxd3 17. exd6 Qxd6 18. Qxd3 Nc6 19. Bf2 Nb4 20. Qc4 Nbxd5 21. Bxc5 Ne3 22. Bxe3 Rxe3 23. Rad1 Qe6 24. Qc7 Qb3 25. Rd2 Rae8 26. Rfd1 h5 27. Qc5 h4 28. Qg5 Re1+ 29. Rxe1 Rxe1+ 30. Kh2 Qb4 31. Qxh4 Qxa5 32. Qxe1 1-0

[Event "COL-ch U14"]
[Site "Bogota"]
[Date "2014.06.01"]
[Round "5"]
[White "Soto Hincapie, Emmanuel"]
[Black "Pena Bermudez, Juan Camilo"]
[Result "0-1"]
[WhiteElo "1744"]
[BlackElo "1842"]
[PlyCount "74"]
[EventDate "2014.05.29"]
[EventType "swiss"]
[EventRounds "7"]
[EventCountry "COL"]
[SourceTitle "CBM 160 Extra"]
[Source "ChessBase"]
[SourceDate "2014.07.01"]
[SourceVersion "1"]
[SourceVersionDate "2014.07.01"]
[SourceQuality "1"]

1. d4 d5 2. Nf3 Nf6 3. Bf4 e6 4. Nbd2 Be7 5. e3 Nbd7 6. Bd3 c5 7. c3 0-0 8. 0-0 b6 9. Qa4 Bb7 10. b4 c4 11. Be2 a6 12. Qc2 b5 13. a4 Ne4 14. axb5 axb5 15. Rxa8 Qxa8 16. Qb2 Nb6 17. Ra1 Na4 18. Nxe4 dxe4 19. Rxa4 Qxa4 20. Nd2 Ra8 21. Qc1 Qa1 22. Nb1 Ra2 23. Bd1 Qb2 24. Qxb2 Rxb2 25. Na3 Rd2 26. Bc2 g5 27. Bc7 Bd5 28. Kf1 Rd3 29. Bxd3 cxd3 30. Ke1 Bc6 31. Bb6 Kg7 32. Bc5 Bf6 33. c4 bxc4 34. Nxc4 Bd5 35. Nd6 Kg6 36. b5 Bd8 37. Kd2 Ba5+ 0-1

[Event "Antioquia Region-ch U14"]
[Site "Medellin"]
[Date "2014.05.09"]
[Round "2.5"]
[White "Soto Hincapie, Emmanuel"]
[Black "Ruiz Agudelo, Santiago"]
[Result "1-0"]
[WhiteElo "1744"]
[BlackElo "1740"]
[PlyCount "38"]
[EventDate "2014.05.08"]
[EventType "swiss"]
[EventRounds "5"]
[EventCountry "COL"]
[SourceTitle "EXT 2024"]
[Source "ChessBase"]
[SourceDate "2023.10.10"]
[SourceVersion "1"]
[SourceVersionDate "2023.10.10"]
[SourceQuality "1"]

1. d4 d5 2. c4 c6 3. Nc3 Nf6 4. Nf3 e6 5. Bg5 h6 6. Bh4 g5 7. Bg3 dxc4 8. a4 Bb4 9. Be5 Rg8 10. e3 b5 11. Nd2 Bxc3 12. bxc3 a6 13. Qb1 Bb7 14. axb5 cxb5 15. Nxc4 bxc4 16. Qxb7 Qd5 17. Qc8+ Ke7 18. Bxf6+ Kxf6 19. Qxg8 Nd7 1-0

[Event "Medellin de Segunda Cat. Antioquia"]
[Site "Medellin"]
[Date "2014.03.20"]
[Round "2.21"]
[White "Jurado, Yirlei Katherine"]
[Black "Soto Hincapie, Emmanuel"]
[Result "0-1"]
[WhiteElo "1539"]
[BlackElo "1624"]
[PlyCount "84"]
[EventDate "2014.03.19"]
[EventType "swiss"]
[EventRounds "7"]
[EventCountry "COL"]
[SourceTitle "EXT 2024"]
[Source "ChessBase"]
[SourceDate "2023.10.10"]
[SourceVersion "1"]
[SourceVersionDate "2023.10.10"]
[SourceQuality "1"]

1. e4 c5 2. d4 cxd4 3. c3 dxc3 4. Nxc3 Nc6 5. Bc4 d6 6. Nf3 g6 7. h3 Bg7 8. Be3 Nf6 9. Qd2 0-0 10. 0-0 Be6 11. Bb3 Qd7 12. Kh2 Na5 13. Ba4 Nc4 14. Qc1 Qc7 15. Bh6 Rac8 16. Bxg7 Kxg7 17. Qc2 d5+ 18. Kg1 dxe4 19. Nxe4 Qf4 20. Nxf6 Qxf6 21. Qe2 Nxb2 22. Bb3 Bxb3 23. axb3 Rc3 24. Qxb2 Rxf3 25. Qxf6+ Rxf6 26. Rxa7 Rb6 27. Re1 e6 28. Re3 Rc8 29. Kf1 Rc2 30. Ra3 Rd6 31. Ra7 Rd1+ 32. Re1 Rdd2 33. Rxb7 Rxf2+ 34. Kg1 Rxg2+ 35. Kh1 Rge2 36. Rf1 Rf2 37. Re1 Kf6 38. b4 Rh2+ 39. Kg1 Rxh3 40. Rf1+ Kg5 41. Rbxf7 Rg3+ 42. Kh1 Rb2 0-1

[Event "Medellin de Segunda Cat. Antioquia"]
[Site "Medellin"]
[Date "2014.03.19"]
[Round "1.4"]
[White "Soto Hincapie, Emmanuel"]
[Black "Ossa, Vladimir"]
[Result "0-1"]
[WhiteElo "1624"]
[BlackElo "1974"]
[PlyCount "88"]
[EventDate "2014.03.19"]
[EventType "swiss"]
[EventRounds "7"]
[EventCountry "COL"]
[SourceTitle "EXT 2024"]
[Source "ChessBase"]
[SourceDate "2023.10.10"]
[SourceVersion "1"]
[SourceVersionDate "2023.10.10"]
[SourceQuality "1"]

1. d4 d5 2. c4 c6 3. Nc3 Nf6 4. Nf3 dxc4 5. a4 Bf5 6. e3 e6 7. Bxc4 Nbd7 8. 0-0 Bd6 9. Bd3 Bxd3 10. Qxd3 0-0 11. e4 e5 12. Bg5 h6 13. Bh4 Qe7 14. Rad1 Rad8 15. d5 Nc5 16. Qc4 a5 17. Bxf6 Qxf6 18. b4 axb4 19. Qxb4 Be7 20. Rd2 Rb8 21. Rfd1 Nd3 22. Qc4 Nf4 23. d6 Bd8 24. Qc5 Qg6 25. g3 Bf6 26. d7 Ne6 27. Qd6 Qh5 28. Kg2 Nf4+ 29. gxf4 Qg4+ 30. Kf1 Qxf3 31. fxe5 Bg5 32. Rd3 Qh1+ 33. Ke2 Qxh2 34. e6 Qh5+ 35. f3 fxe6 36. Qxe6+ Kh8 37. Qe5 Qh3 38. Rg1 Rbd8 39. Qd6 Rf7 40. Qg3 Qe6 41. Rgd1 Rf4 42. Rd6 Qc4+ 43. R1d3 Rdf8 44. Ke1 Bh4 0-1

[Event "COL-ch sf"]
[Site "Medellin"]
[Date "2014.??.??"]
[Round "10"]
[White "Soto Hincapie, Emmanuel"]
[Black "Torres, Saulo de Jesus"]
[Result "0-1"]
[WhiteElo "1624"]
[BlackElo "1882"]
[PlyCount "58"]
[EventDate "2014.04.15"]
[EventType "swiss"]
[EventRounds "11"]
[EventCountry "COL"]
[SourceTitle "CBM 160 Extra"]
[Source "ChessBase"]
[SourceDate "2014.07.01"]
[SourceVersion "1"]
[SourceVersionDate "2014.07.01"]
[SourceQuality "1"]

1. d4 Nf6 2. c4 e6 3. Nc3 Bb4 4. Bg5 c5 5. e3 Qa5 6. Bxf6 Bxc3+ 7. bxc3 Qxc3+ 8. Ke2 Qb2+ 9. Ke1 Qc3+ 10. Ke2 gxf6 11. Qc1 Qa5 12. g3 cxd4 13. exd4 Nc6 14. Nf3 d5 15. Bg2 Qa6 16. Rd1 dxc4 17. Qc3 Bd7 18. Ke1 Ne7 19. Nd2 Rc8 20. Rdb1 Bc6 21. Bxc6+ Qxc6 22. Rc1 b5 23. a4 a6 24. axb5 axb5 25. Rab1 Nd5 26. Qa5 c3 27. Ne4 b4 28. f3 f5 29. Nf2 Qc4 0-1

[Event "COL-ch sf"]
[Site "Medellin"]
[Date "2014.??.??"]
[Round "4"]
[White "Soto Hincapie, Emmanuel"]
[Black "Valdeblanquez, Jeiner Jair"]
[Result "1/2-1/2"]
[WhiteElo "1624"]
[BlackElo "2107"]
[PlyCount "65"]
[EventDate "2014.04.15"]
[EventType "swiss"]
[EventRounds "11"]
[EventCountry "COL"]
[SourceTitle "CBM 160 Extra"]
[Source "ChessBase"]
[SourceDate "2014.07.01"]
[SourceVersion "1"]
[SourceVersionDate "2014.07.01"]
[SourceQuality "1"]

1. d4 Nf6 2. c4 c5 3. d5 b5 4. cxb5 a6 5. bxa6 g6 6. Nc3 Bxa6 7. g3 d6 8. Bg2 Bg7 9. Rb1 0-0 10. Bd2 Nbd7 11. b3 Nb6 12. Qc2 Qc7 13. e4 Nfd7 14. Nge2 Ne5 15. Nc1 Rfc8 16. f4 Ned7 17. Bf1 Bxf1 18. Kxf1 Qa7 19. Kg2 Qa6 20. Rf1 c4 21. b4 Na4 22. N1e2 Ndb6 23. Rf2 e6 24. Bc1 exd5 25. exd5 Qb7 26. Qd2 Nxc3 27. Nxc3 Na4 28. Nxa4 Rxa4 29. a3 Ra5 30. bxa5 Qxb1 31. Bb2 Qe4+ 32. Kh3 c3 33. Qc2 1/2-1/2

[Event "Bogota IRT Categoria A U14"]
[Site "Bogota"]
[Date "2013.10.28"]
[Round "3.1"]
[White "Acosta Cubides, Jorian Jared"]
[Black "Soto Hincapie, Emmanuel"]
[Result "1-0"]
[WhiteElo "1920"]
[BlackElo "1629"]
[PlyCount "77"]
[EventDate "2013.10.27"]
[EventType "swiss"]
[EventRounds "5"]
[EventCountry "COL"]
[SourceTitle "EXT 2024"]
[Source "ChessBase"]
[SourceDate "2023.10.10"]
[SourceVersion "1"]
[SourceVersionDate "2023.10.10"]
[SourceQuality "1"]

1. e4 c5 2. Nf3 Nc6 3. d4 cxd4 4. Nxd4 e5 5. Nb5 a6 6. Nd6+ Bxd6 7. Qxd6 Qf6 8. Qxf6 Nxf6 9. Nc3 d5 10. Bd3 Nb4 11. 0-0 0-0 12. Bg5 d4 13. Na4 b5 14. Nc5 Be6 15. a3 Nxd3 16. cxd3 Nd7 17. Nxe6 fxe6 18. Rac1 Rfe8 19. Rc6 h6 20. Bd2 a5 21. Rfc1 Kf7 22. Rd6 Red8 23. g3 Ke7 24. Rcc6 Rac8 25. Rxe6+ Kf7 26. Bxa5 Re8 27. Bb4 Nb6 28. Rxc8 Rxe6 29. Rc7+ Kg8 30. b3 g5 31. g4 Rf6 32. Kg2 Rf7 33. Rc6 Nd7 34. Rxh6 Nf6 35. Rg6+ Kh7 36. Rxg5 Kh6 37. Rf5 Kg6 38. f3 Rc7 39. Rxe5 1-0

[Event "Antioquia Region-ch U14"]
[Site "Medellin"]
[Date "2013.04.04"]
[Round "3.5"]
[White "Giraldo Montoya, Julian"]
[Black "Soto Hincapie, Emmanuel"]
[Result "0-1"]
[WhiteElo "1538"]
[BlackElo "1629"]
[PlyCount "105"]
[EventDate "2013.04.04"]
[EventType "swiss"]
[EventRounds "5"]
[EventCountry "COL"]
[SourceTitle "EXT 2024"]
[Source "ChessBase"]
[SourceDate "2023.10.10"]
[SourceVersion "1"]
[SourceVersionDate "2023.10.10"]
[SourceQuality "1"]

1. e4 c5 2. c3 d6 3. Nf3 Nc6 4. d4 Nf6 5. dxc5 Nxe4 6. cxd6 Qxd6 7. Qxd6 Nxd6 8. Bd3 Bf5 9. Bxf5 Nxf5 10. Bf4 f6 11. h3 e5 12. Bh2 b5 13. Nbd2 a5 14. 0-0-0 Kf7 15. Ne4 b4 16. Rd7+ Ke6 17. Rhd1 Ncd4 18. Rc7 bxc3 19. Rxc3 Bb4 20. Nxd4+ Nxd4 21. Rcd3 h6 22. f4 Ne2+ 23. Kb1 Nxf4 24. Bxf4 exf4 25. a3 Be7 26. Re1 Kf5 27. Ng3+ fxg3 28. Rxe7 g5 29. Rxg3 Rhe8 30. Rf3+ Kg6 31. Rfe3 Rxe7 32. Rxe7 Rc8 33. Ra7 Rc5 34. b4 axb4 35. axb4 Rb5 36. Ra4 g4 37. hxg4 Rg5 38. Ra5 Rxg4 39. b5 h5 40. Kc1 h4 41. b6 Rb4 42. Ra6 Kg5 43. Kc2 Kg4 44. Kc3 Rb1 45. Kc4 Kg3 46. Kc5 Kxg2 47. Kc6 h3 48. b7 h2 49. Rb6 Rxb6+ 50. Kxb6 h1Q 51. b8Q Qb1+ 52. Kc7 Qxb8+ 53. Kxb8 0-1

[Event "Antioquia Region-ch U14"]
[Site "Medellin"]
[Date "2013.04.04"]
[Round "2.4"]
[White "Soto Hincapie, Emmanuel"]
[Black "Ruiz Agudelo, Santiago"]
[Result "0-1"]
[WhiteElo "1629"]
[BlackElo "1803"]
[PlyCount "56"]
[EventDate "2013.04.04"]
[EventType "swiss"]
[EventRounds "5"]
[EventCountry "COL"]
[SourceTitle "EXT 2024"]
[Source "ChessBase"]
[SourceDate "2023.10.10"]
[SourceVersion "1"]
[SourceVersionDate "2023.10.10"]
[SourceQuality "1"]

1. d4 Nf6 2. c4 d6 3. Nc3 Nbd7 4. Nf3 e5 5. dxe5 dxe5 6. Bg5 Be7 7. Qc2 c6 8. e3 Qc7 9. Bd3 0-0 10. 0-0 h6 11. Bh4 Nc5 12. Ne4 Nfxe4 13. Bxe4 Bxh4 14. Nxh4 Nxe4 15. Qxe4 f5 16. Qd3 Qf7 17. e4 Be6 18. g3 Rad8 19. Qc3 Qf6 20. exf5 Bxf5 21. Nxf5 Qxf5 22. Rae1 Rfe8 23. Re3 Rd7 24. Rfe1 a6 25. c5 Rd5 26. b4 Red8 27. f3 Rf8 28. a4 g5 0-1

[Event "Medellin op"]
[Site "Medellin"]
[Date "2011.??.??"]
[Round "7.17"]
[White "Cano Benitez, Hernan Dario"]
[Black "Soto Hincapie, Emmanuel"]
[Result "0-1"]
[WhiteElo "1600"]
[BlackElo "1478"]
[PlyCount "70"]
[EventDate "2011.02.08"]
[EventType "swiss"]
[EventRounds "7"]
[EventCountry "COL"]
[SourceTitle "EXT 2024"]
[Source "ChessBase"]
[SourceDate "2023.10.10"]
[SourceVersion "1"]
[SourceVersionDate "2023.10.10"]
[SourceQuality "1"]

1. e4 c5 2. Nf3 d6 3. Bc4 Nf6 4. Nc3 Nc6 5. 0-0 Bg4 6. h3 Bxf3 7. Qxf3 Nd4 8. Qd3 g6 9. Nd5 Bg7 10. Nxf6+ Bxf6 11. c3 Nc6 12. Re1 0-0 13. b4 cxb4 14. Bb2 Rc8 15. Rab1 Ne5 16. Qe2 Nxc4 17. Ba1 Qa5 18. Rxb4 Qxa2 19. Rd1 a5 20. Rxb7 a4 21. Qe1 Rb8 22. Rbb1 a3 23. d3 Ne5 24. Qf1 Qc2 25. d4 Nc4 26. Rb4 Na5 27. Rdb1 Nc6 28. Rb6 Rxb6 29. Rxb6 Rb8 30. Rxb8+ Nxb8 31. g3 a2 32. Kg2 Qxe4+ 33. Kg1 Qb1 34. Kg2 Nc6 35. Kf3 Qxf1 0-1